Presidents who Succeeded Quiz Stats

Quiz not verified by Sporcle

Also try: 'A' World Leaders
Challenge
Share
Tweet
Embed
Score 0/9 Timer 03:00
0 Plays Today
President who did not finish term President % Correct
Richard NixonGerald Ford
98.6%
Franklin RooseveltHarry Truman
97.7%
John KennedyLyndon Johnson
97.7%
Abraham LincolnAndrew Johnson
94.5%
William McKinleyTheodore Roosevelt
91.2%
William Henry HarrisonJohn Tyler
90.3%
Warren HardingCalvin Coolidge
89.4%
James GarfieldChester Arthur
85.3%
Zachary TaylorMillard Fillmore
79.3%

You're not logged in!

Compare scores with friends on all Sporcle quizzes.
Sign Up with Email
OR
Log In

You Might Also Like...

Show Comments

Extras

Top Quizzes Today


Score Distribution

Your Account Isn't Verified!

In order to create a playlist on Sporcle, you need to verify the email address you used during registration. Go to your Sporcle Settings to finish the process.